Human resource research methods / (Record no. 66)
[ view plain ]
| 000 -LEADER | |
|---|---|
| fixed length control field | 00927cam a22002654a 4500 |
| 001 - CONTROL NUMBER | |
| control field | 15196276 |
| 003 - CONTROL NUMBER IDENTIFIER | |
| control field | GZU |
| 005 - DATE AND TIME OF LATEST TRANSACTION | |
| control field | 20200630155758.0 |
| 008 - FIXED-LENGTH DATA ELEMENTS--GENERAL INFORMATION | |
| fixed length control field | 080227s2007 enk b 001 0 eng |
| 010 ## - LIBRARY OF CONGRESS CONTROL NUMBER | |
| LC control number | 2008271551 |
| 020 ## - INTERNATIONAL STANDARD BOOK NUMBER | |
| International Standard Book Number | 9780195689105 (pbk.) |
| 020 ## - INTERNATIONAL STANDARD BOOK NUMBER | |
| International Standard Book Number | 0195689100 (pbk.) |
| 040 ## - CATALOGING SOURCE | |
| Original cataloging agency | DLC |
| Transcribing agency | DLC |
| 050 00 - LIBRARY OF CONGRESS CALL NUMBER | |
| Classification number | HF5549.15 |
| Item number | BHA 2007 |
| 100 1# - MAIN ENTRY--PERSONAL NAME | |
| Personal name | Bhattacharyya, Dipak Kumar. |
| Relator term | author |
| 245 10 - TITLE STATEMENT | |
| Title | Human resource research methods / |
| Statement of responsibility, etc. | Dipak Kumar Bhattacharyya. |
| 260 ## - PUBLICATION, DISTRIBUTION, ETC. | |
| Place of publication, distribution, etc. | Oxford ; |
| -- | New York : |
| Name of publisher, distributor, etc. | Oxford University Press, |
| Date of publication, distribution, etc. | 2007. |
| 300 ## - PHYSICAL DESCRIPTION | |
| Extent | xiv, 521 p. ; |
| Dimensions | 24 cm. |
| 500 ## - GENERAL NOTE | |
| General note | Includes bibliographical references and index. |
| 504 ## - BIBLIOGRAPHY, ETC. NOTE | |
| Bibliography, etc. note | Includes bibliographical references and index. |
| 650 #0 - SUBJECT ADDED ENTRY--TOPICAL TERM | |
| Topical term or geographic name entry element | Personnel management |
| General subdivision | Research |
| -- | Methodology. |
| 906 ## - LOCAL DATA ELEMENT F, LDF (RLIN) | |
| a | 7 |
| b | cbc |
| c | orignew |
| d | 3 |
| e | ncip |
| f | 20 |
| g | y-gencatlg |
| 942 ## - ADDED ENTRY ELEMENTS (KOHA) | |
| Source of classification or shelving scheme | Library of Congress Classification |
| Koha item type | Books |
| Classification part | 5549.15 |
| Item part | BHA |
| Call number prefix | HF |
| Withdrawn status | Lost status | Damaged status | Not for loan | Collection code | Home library | Current library | Shelving location | Date acquired | Total Checkouts | Full call number | Barcode | Date last seen | Copy number | Price effective from | Koha item type | Source of classification or shelving scheme | Inventory number |
|---|---|---|---|---|---|---|---|---|---|---|---|---|---|---|---|---|---|
| Non-fiction | City Campus Library | City Campus Library | General Stacks | 08/18/2015 | HF5549.15 BHA 2007 | 000756 | 06/30/2020 | c. 1 | 06/30/2020 | Books | |||||||
| Non-fiction | City Campus Library | City Campus Library | Fiction | 11/11/2020 | HF 5549.15 BHA | 000752 | 11/11/2020 | c.2 | 11/11/2020 | Books | Library of Congress Classification | 22500 | |||||
| Non-fiction | City Campus Library | City Campus Library | Fiction | 11/11/2020 | HF 5549.15 BHA | 000751 | 11/11/2020 | c.3 | 11/11/2020 | Books | Library of Congress Classification | 22499 | |||||
| Non-fiction | City Campus Library | City Campus Library | Fiction | 11/11/2020 | HF 5549.15 BHA | 023622 | 11/11/2020 | c.4 | 11/11/2020 | Books | Library of Congress Classification | 023622 |